Biota y ecosistemas de Gorgona / (Registro nro. 8281)
[ vista simple ]
| 000 -CABECERA | |
|---|---|
| Campo de control | 01204nam a22002897a 4500 |
| 005 - FECHA Y HORA DE LA ULTIMA TRANSACCION | |
| Campo de control | 20160113104326.0 |
| 008 - ELEMENTOS DE LONGITUD FIJA—INFORMACION GENERAL | |
| Campo de control | 910305s1990 ck ab r 00010 spa d |
| 020 ## - ISBN | |
| ISBN | 958912917X |
| 040 ## - FUENTE DE CATALOGACIÓN | |
| Agencia catalogadora original | CO-BoIAVH |
| Agencia transcriptora | CO-BoIAVH |
| 041 0# - IDIOMA | |
| Código de idioma para texto/pista de sonido o título separado | Español |
| 044 ## - PAÍS DE PUBLICACIÓN | |
| País de publicación | Colombia |
| 082 04 - NUMERO DE CLASIFICACION DECIMAL DEWEY | |
| Número de clasificación | 574.5 |
| Número del ítem | B46 |
| 245 00 - MENCION DE TITULO | |
| Título | Biota y ecosistemas de Gorgona / |
| Mención de responsabilidad | fotografías Fernando Urbina, Jorge Mario Múnera, Orlando Rangel. |
| 260 ## - PUBLICACION, DISTRIBUCION, ETC. (PIE DE IMPRENTA) | |
| Lugar de publicación, distribución, etc. | Bogotá |
| Nombre del editor, distribuidor, etc. | Fondo para la Protección del Medio Ambiente FEN Colombia |
| Fecha de publicación, distribución, etc. | 1990. |
| 300 ## - DESCRIPCION FISICA | |
| Extensión | 303 p. : |
| Otros detalles físicos | il. [algunas col.], mapas ; |
| Dimensiones | 28 cm. |
| 504 ## - NOTA DE BIBLIOGRAFIA, ETC. | |
| Nota de bibliografía | Incluye bibliografía. |
| 505 0# - NOTA DE CONTENIDO | |
| Nota de contenido | Clima, geología y suelos, biología del suelo, vegetación, fauna, biodiversidad en aguas dulces de la Isla, caracterización ecológica. |
| 650 ## - ASIENTO SECUNDARIO DE MATERIA - TERMINO TEMATICO | |
| Término temático o nombre geográfico como elemento de entrada | Ecología |
| Subdivisión geográfica | Gorgona (Isla, Colombia) |
| 9 (RLIN) | 50534 |
| 651 ## - ASIENTO SECUNDARIO DE MATERIA - NOMBRE GEOGRAFICO | |
| Nombre geográfico | Gorgona (Isla, Colombia) |
| Subdivisión general | Descripción. |
| 9 (RLIN) | 50535 |
| 700 1# - ASIENTO SECUNDARIO - NOMBRE PERSONAL | |
| Nombre personal | Aguirre C., Jaime, |
| Término de relación | ed. |
| 9 (RLIN) | 3749 |
| 700 1# - ASIENTO SECUNDARIO - NOMBRE PERSONAL | |
| Nombre personal | Rangel Ch., J. Orlando, |
| Término de relación | ed. |
| 9 (RLIN) | 50536 |
| 700 1# - ASIENTO SECUNDARIO - NOMBRE PERSONAL | |
| Nombre personal | Rico de Brieva, Eugenia, |
| Término de relación | il. |
| 9 (RLIN) | 20621 |
| 700 1# - ASIENTO SECUNDARIO - NOMBRE PERSONAL | |
| Nombre personal | Cruz, Rafael, |
| Término de relación | il. |
| 9 (RLIN) | 20622 |
| 700 1# - ASIENTO SECUNDARIO - NOMBRE PERSONAL | |
| Nombre personal | Urbina Rangel, Fernando, |
| Fechas asociadas con el nombre | 1939-, |
| Término de relación | il. |
| 9 (RLIN) | 50537 |
| 700 1# - ASIENTO SECUNDARIO - NOMBRE PERSONAL | |
| Nombre personal | Múnera, Jorge Mario, |
| Fechas asociadas con el nombre | 1953-, |
| Término de relación | il. |
| 9 (RLIN) | 50538 |
| 942 ## - ELEMENTOS ADICIONALES (KOHA) | |
| Sistema de clasificación | Dewey Decimal Classification |
| Tipo de ítem | Libro |
| Withdrawn status | Lost status | Sistema de Clasificación | Damaged status | No para préstamo | Colección | Inventariado | Ubicación Permanente | Ubicación actual | Fecha de adquisición | Fuente de Valor | Valor | Total Checkouts | Número topográfico | Inventario / Código de Barras | Date last seen | Ejemplar | Price effective from | Forma de adquisición | Tipo de material |
|---|---|---|---|---|---|---|---|---|---|---|---|---|---|---|---|---|---|---|---|
| Dewey Decimal Classification | General | Inventariado 2017 | Bogotá | Bogotá | 12/03/2014 | Instituto | 50000.00 | LB-574.5 B46 | 059971 | 12/03/2014 | Ej. 1 | 12/03/2014 | Libro | ||||||
| Dewey Decimal Classification | General | Inventariado 2017 | Sala Fabio Quevedo | Sala Fabio Quevedo | 13/01/2016 | Instituto | 50000.00 | LB-574.5 B46 | 000607 | 13/01/2016 | Ej. 2 | 13/01/2016 | Libro |